Vista normal
Vista MARC
- Lefever, Lee
Entrada Personal Name
Número de registros utilizados en: 1
001 - CONTROL NUMBER
- control field: 24348
003 - CONTROL NUMBER IDENTIFIER
- control field: OSt
005 - DATE AND TIME OF LATEST TRANSACTION
- control field: 20161003134558.0
008 - FIXED-LENGTH DATA ELEMENTS
- fixed length control field: 161003|| aca||aabn | a|a d
040 ## - CATALOGING SOURCE
- Original cataloging agency: OSt
- Transcribing agency: OSt
100 ## - HEADING--PERSONAL NAME
- Personal name: Lefever, Lee
670 ## - SOURCE DATA FOUND
- Source citation: Work cat.: (OSt): Lefever, Lee, El arte de explicar: cómo presentar y vender con éxito tus ideas, productos y servicios, 2013